[Event "S. A. Group BAN-chT 2018"]
[Site "Dhaka"]
[Date "2018.12.15"]
[Round "10"]
[White "Hasan, Eunus"]
[Black "Subhayan Kundu"]
[Result "0-1"]
[WhiteElo "2154"]
[BlackElo "2185"]
[Annotator "NA"]
[PlyCount "66"]
[EventDate "2018.12.07"]
[EventType "team-tourn"]
[EventCountry "BAN"]
[SourceTitle "playchess.com"]
[Source "ChessBase"]
[SourceQuality "1"]
[TimeControl "5400+30"]

1. e4 {[%emt 1:30:30]} e6 {[%emt 1:30:30]} 2. d3 {[%emt 0:00:30]} d5 {[%emt 0:00:30]} 3. Nd2 {[%emt 0:00:30]} Nf6 {[%emt 0:00:30]} 4. Ngf3 {[%emt 0:00:30]} Bc5 {[%emt 0:00:30]} 5. e5 {[%emt 0:00:30]} Nfd7 {[%emt 0:00:30]} 6. d4 {[%emt 0:00:30]} Be7 {[%emt 0:00:30]} 7. Bd3 {[%emt 0:00:30]} c5 {[%emt 0:00:30]} 8. O-O {[%emt 0:00:30]} cxd4 {[%emt 0:00:30]} 9. Re1 {[%emt 0:00:30]} Nc6 {[%emt 0:00:30]} 10. a3 {[%emt 0:00:30]} Qc7 {[%emt 0:00:30]} 11. Qe2 {[%emt 0:00:30]} Nc5 {[%emt 0:00:30]} 12. b4 {[%emt 0:00:30]} Nxd3 {[%emt 0:00:30]} 13. cxd3 {[%emt 0:00:30]} Qb6 {[%emt 0:00:30]} 14. Rb1 {[%emt 0:00:30]} O-O {[%emt 0:00:30]} 15. Nb3 {[%emt 0:00:30]} a5 {[%emt 0:00:30]} 16. b5 {[%emt 0:00:30]} Qxb5 {[%emt 0:00:30]} 17. Nbxd4 {[%emt 0:00:30]} Qxb1 {[%emt 0:00:30]} 18. Bb2 {[%emt 0:00:30]} Qa2 {[%emt 0:00:30]} 19. Ra1 {[%emt 0:00:30]} Nxd4 {[%emt 0:00:30]} 20. Nxd4 {[%emt 0:00:30]} Qxa1+ {[%emt 0:00:30]} 21. Bxa1 {[%emt 0:00:30]} Bxa3 {[%emt 0:00:30]} 22. h4 {[%emt 0:00:30]} Bd7 {[%emt 0:00:30]} 23. h5 {[%emt 0:00:30]} h6 {[%emt 0:00:30]} 24. Nc2 {[%emt 0:00:30]} Be7 {[%emt 0:00:30]} 25. f4 {[%emt 0:00:30]} Rfc8 {[%emt 0:00:30]} 26. Bd4 {[%emt 0:00:30]} a4 {[%emt 0:00:30]} 27. g4 {[%emt 0:00:30]} a3 {[%emt 0:00:30]} 28. Qf2 {[%emt 0:00:30]} a2 {[%emt 0:00:30]} 29. Kg2 {[%emt 0:00:30]} Ra4 {[%emt 0:00:30]} 30. Na1 {[%emt 0:00:30]} Bb5 {[%emt 0:00:30]} 31. f5 {[%emt 0:00:30]} Bxd3 {[%emt 0:00:30]} 32. f6 {[%emt 0:00:30]} Be4+ {[%emt 0:00:30]} 33. Kg3 {[%emt 0:00:30]} Ra3+ {[%emt 0:00:30]} 0-1

[Event "S. A. Group BAN-chT 2018"]
[Site "Dhaka"]
[Date "2018.12.15"]
[Round "10"]
[White "Hossain, Showkat Pollab"]
[Black "Das, Sayantan"]
[Result "0-1"]
[WhiteElo "2131"]
[BlackElo "2453"]
[Annotator "TA"]
[PlyCount "102"]
[EventDate "2018.12.07"]
[EventType "team-tourn"]
[EventCountry "BAN"]
[SourceTitle "playchess.com"]
[Source "ChessBase"]
[SourceQuality "1"]

{[%evp 16,102,14,-19,7,-5,0,-35,0,-12,0,0,0,-47,-42,-92,-35,-48,-58,-44,-41,-104,-37,-32,-37,-51,-33,-44,-34,-72,-68,-54,-42,-41,-14,-94,-23,-28,33,-51,0,-64,-64,-79,-47,-54,-43,-52,-54,-52,-38,-125,-40,-203,-134,-175,-184,-193,-46,-48,-54,-50,0,-7,31,0,0,0,0,-195,-206,-326,-315,-512,-229,-334,-425,-686,-425,-404,-401,-451,-457,-453,-425,-448,-433,-29994,-29991]} 1. e4 c5 2. Nf3 e6 3. d3 Nc6 4. g3 d5 5. Nbd2 Nf6 6. Bg2 Be7 7. O-O O-O 8. Re1 b5 9. h4 {LiveBook: 5 Games. C00: French: Unusual White 2nd moves} (9. e5 Nd7 10. Nf1 Bb7 11. h4 Qc7 12. Bf4 Rfc8 13. Ne3 Qd8 14. Ng4 Bf8 15. Bg5 Qe8 16. c3 h6 17. Bf4 a5 18. Qd2 b4 19. c4 Ne7 20. h5 {1-0 (59) Kuzubov,Y (2699)-Grischuk,A (2772) Riadh 2017}) 9... dxe4 10. dxe4 e5 11. c3 {The position is equal.} Rb8 12. Qe2 $146 ({Predecessor:} 12. Qc2 Qc7 13. Nf1 Ng4 14. Ne3 Nxe3 15. Bxe3 f6 16. Nh2 Be6 17. Bf3 {½-½ (55) Ribeiro,R (2204)-Baillargeant,T (1930) Avoine 2014}) 12... b4 13. cxb4 Rxb4 14. a3 Rb8 15. Qc4 Qb6 (15... Ng4 $17 16. Qa4 Bd7) 16. Qc3 Ng4 17. Nc4 {[%mdl 64] Double Attack} Qa6 18. Bf1 (18. Ncxe5 Ncxe5 19. Nxe5 Bf6) (18. b3 $15) 18... Qb7 (18... Nd4 $1 $17 19. Ncxe5 {[%mdl 64] Discovered Attack} Qa4) 19. Na5 $15 Nxa5 20. Qxa5 Be6 21. Ng5 Bb3 22. f3 Nf6 23. Qc3 h6 24. Nh3 Qd7 25. Be3 (25. Nf2 $11 {remains equal.}) 25... Qe6 (25... Be6 $17 26. Rad1 Qa4) 26. Rac1 $11 Nh5 (26... Nd7 $11) 27. Bf2 (27. g4 $14 Nf6 28. Bxc5) 27... Qf6 (27... Rfd8 $15) 28. Kg2 (28. g4 $11 Nf4 29. Nxf4 Qxf4 30. Kg2) 28... Be6 $1 $15 {...Rb3 is the strong threat.} 29. Re3 Rb3 30. Qd2 Rd8 $36 {[%mdl 2048] Black has some pressure.} 31. Qe2 Rb7 32. Rec3 Rbd7 {Strongly threatening ...Rd2.} 33. Qe3 {[#]} ({White should play} 33. Be1 $15) 33... Qg6 ({Better is} 33... g5 $1 $17 {[%cal Rg5h4]} 34. hxg5 hxg5) 34. f4 $2 ({White must play} 34. g4 $1 $15) 34... f5 35. exf5 Qxf5 36. Kg1 {[#]} exf4 ({Black should try} 36... e4 $1 $19 37. Be1 Bf6 38. Rxc5 Qg6) 37. Nxf4 Nxf4 38. Qxf4 Qg6 39. Re3 {Hoping for Rxe6!} Bf5 40. Bc4+ Kh8 41. Re5 Rf8 {White must now prevent ...Bd6.} 42. Rxe7 $2 ({Don't blunder} 42. Bxc5 $2 Bh3 $19) (42. Bb5 $11 {and White has nothing to worry.} Bd6 43. Bxd7 Bxd7 44. h5) 42... Rxe7 $19 43. Bxc5 (43. Re1 $142 Rxe1+ 44. Bxe1) 43... Re4 44. Qf2 $2 (44. Qf3 Rc8 45. b4) 44... Rc8 (44... Rxh4 $142 45. Bd5 (45. Bxf8 $2 {loses.} Be4 $19) 45... Rh3) 45. b4 (45. Kh2 {is a better defense.}) 45... Rxh4 {And now ...Be4 would win.} 46. Bd5 (46. Bf1 $142 Rg4 47. Rc3) 46... Be4 47. Bxe4 Rxe4 48. Rf1 a6 49. Kg2 Rg4 50. Qf3 Rd8 51. Qf5 (51. Qb3 $19) 51... Rxg3+ {Accuracy: White = 21%, Black = 34%.} 0-1

[Event "S. A. Group BAN-chT 2018"]
[Site "Dhaka"]
[Date "2018.12.15"]
[Round "10"]
[White "Saiful Islam, Chowdhury"]
[Black "Mohammad Minhaz Uddin"]
[Result "0-1"]
[WhiteElo "2120"]
[BlackElo "2290"]
[Annotator "NA"]
[PlyCount "84"]
[EventDate "2018.12.07"]
[EventType "team-tourn"]
[EventCountry "BAN"]
[SourceTitle "playchess.com"]
[Source "ChessBase"]
[SourceQuality "1"]
[TimeControl "5400+30"]

1. e4 {[%emt 0:00:00]} e5 {[%emt 0:00:00]} 2. d4 {[%emt 0:00:03]} Nf6 {[%emt 0:00:30]} 3. dxe5 {[%emt 0:04:10] C21: Danish Gambit} (3. c4 g6 4. Nc3 Bg7 5. Nf3 d6 6. Be2 O-O 7. d5 a5 8. Bg5 h6 9. Bh4 g5 10. Bg3 Nh5 11. O-O Nf4 12. Nd2 Qe8 13. Rb1 f5 14. exf5 Bxf5 15. Nde4 Qg6 16. f3 Nd7 17. Rc1 h5 18. Nb5 Rac8 19. Bxf4 exf4 {0-1 (54) Poormosavi,S (2218)-Grivas,E (2468) Sharjah 2018}) 3... Nxe4 {[%emt 0:00:21]} 4. Qd5 {[%emt 0:05:32]} Nc5 {[%emt 0:00:24]} 5. Be3 {[%emt 0:01:29]} c6 {[%emt 0:01:32]} 6. Qd2 {[%emt 0:03:36]} d5 {[%emt 0:00:47]} 7. Nc3 $146 {[%emt 0:01:24]} ({Predecessor:} 7. exd6 Bxd6 8. Nc3 Nba6 9. Bxa6 Nxa6 10. O-O-O Be7 {1-0 (42) Bieri,C (2127)-Sudan,G (2086) Geneve 2001}) 7... Bf5 {[%emt 0:00:24]} 8. O-O-O {[%emt 0:01:40]} Nbd7 {[%emt 0:00:10]} 9. Nf3 {[%emt 0:02:27]} Ne6 {[%emt 0:02:58]} 10. h3 {[%emt 0:01:36]} Bb4 {[%emt 0:00:45]} 11. a3 {[%emt 0:02:00]} Ba5 {[%emt 0:00:38]} 12. Bd3 {[%emt 0:11:29]} Bxd3 {[%emt 0:08:26]} 13. Qxd3 {[%emt 0:01:01]} Bc7 {[%emt 0:03:47]} 14. Rhe1 {[%emt 0:01:04]} Nxe5 {[%emt 0:05:00]} 15. Nxe5 {[%emt 0:00:48]} Bxe5 {[%emt 0:00:02]} 16. f4 {[%emt 0:02:31]} Bxc3 {[%emt 0:00:36]} 17. Qxc3 {[%emt 0:00:29]} O-O {[%emt 0:00:13]} 18. f5 {[%emt 0:02:25]} Ng5 {[%emt 0:16:28]} 19. Bf4 {[%emt 0:00:46]} f6 {[%emt 0:00:30]} 20. h4 {[%emt 0:02:33]} Nf7 {[%emt 0:00:38]} 21. g4 {[%emt 0:00:51]} Qd7 {[%emt 0:04:58]} 22. Re6 {[%emt 0:05:07]} Rae8 {[%emt 0:00:35]} 23. Rde1 {[%emt 0:01:52]} Nd8 {[%emt 0:00:39]} 24. Rd6 {[%emt 0:09:59]} Rxe1+ {[%emt 0:04:22]} 25. Qxe1 {[%emt 0:00:09]} Qe8 {[%emt 0:00:48]} 26. Qf2 {[%emt 0:05:52]} Rf7 {[%emt 0:09:56]} 27. b3 {[%emt 0:02:00]} b6 {[%emt 0:00:59]} 28. Qg3 {[%emt 0:02:40]} Re7 {[%emt 0:08:14]} 29. g5 {[%emt 0:02:05]} Nb7 {[%emt 0:06:11]} 30. gxf6 {[%emt 0:14:20]} Nxd6 {[%emt 0:00:18]} 31. Bxd6 {[%emt 0:01:01]} (31. fxe7 $142 Ne4 32. Qd3) 31... Rf7 {[%emt 0:00:20]} 32. Be5 {[%emt 0:00:45]} Qd7 {[%emt 0:01:53]} 33. Qg5 {[%emt 0:01:28]} d4 {[%emt 0:05:52]} 34. h5 {[%emt 0:01:05]} Qd5 {[%emt 0:00:18]} 35. Qg3 {[%emt 0:00:38]} h6 {[%emt 0:05:27]} 36. Kb2 {[%emt 0:01:11]} c5 {[%emt 0:00:31]} 37. fxg7 {[%emt 0:02:31]} Rxf5 {[%emt 0:00:23]} 38. Bf4 {[%emt 0:01:55]} Rxh5 {[%emt 0:00:32]} 39. Qg6 {[%emt 0:01:11]} Qf7 $19 {[%emt 0:00:10]} 40. Qd6 {[%emt 0:00:07]} Kxg7 {[%emt 0:04:41]} 41. Be5+ {[%emt 0:00:10]} Kh7 {[%emt 0:00:01]} 42. Qb8 {[%emt 0:00:12]} Rg5 {[%emt 0:00:44]} 0-1

[Event "S. A. Group BAN-chT 2018"]
[Site "Dhaka"]
[Date "2018.12.15"]
[Round "10"]
[White "Ahmed, Sk. Nasir"]
[Black "Ahmed, Shafiq"]
[Result "1-0"]
[WhiteElo "2119"]
[BlackElo "2165"]
[Annotator "NA"]
[PlyCount "66"]
[EventDate "2018.12.07"]
[EventType "team-tourn"]
[EventCountry "BAN"]
[SourceTitle "playchess.com"]
[Source "ChessBase"]
[SourceQuality "1"]
[TimeControl "5400+30"]

1. e4 {[%emt 0:00:00]} c5 {[%emt 0:00:00]} 2. Nf3 {[%emt 0:00:00]} Nc6 {[%emt 0:00:09]} 3. Bb5 {[%emt 0:00:00]} g6 {[%emt 0:02:16]} 4. Bxc6 {[%emt 0:00:00]} bxc6 {[%emt 0:00:13]} 5. O-O {[%emt 0:01:10]} Bg7 {[%emt 0:00:20]} 6. c3 {[%emt 0:01:22]} Ba6 {[%emt 0:09:46]} 7. d3 {[%emt 0:01:01]} Nf6 {[%emt 0:00:33]} 8. Re1 {[%emt 0:00:40]} O-O {[%emt 0:00:28]} 9. e5 {[%emt 0:03:02]} Nd5 {[%emt 0:00:26]} 10. c4 {[%emt 0:03:05]} Nc7 {[%emt 0:00:17]} 11. b3 {[%emt 0:07:38]} d5 {[%emt 0:03:37]} 12. Nc3 {[%emt 0:02:01]} Bc8 {[%emt 0:08:32]} 13. h3 {[%emt 0:06:50]} f6 {[%emt 0:09:41]} 14. Na4 {[%emt 0:11:31]} fxe5 {[%emt 0:14:48]} 15. Bb2 {[%emt 0:01:50]} Qd6 {[%emt 0:16:58]} 16. cxd5 {[%emt 0:19:38]} cxd5 {[%emt 0:01:48]} 17. Rc1 {[%emt 0:00:40]} Na6 {[%emt 0:05:10]} 18. Qe2 {[%emt 0:05:17]} Bd7 {[%emt 0:01:02]} 19. Bxe5 {[%emt 0:09:42]} Bxe5 {[%emt 0:00:16]} 20. Nxe5 {[%emt 0:00:29]} Bxa4 {[%emt 0:00:49]} 21. bxa4 {[%emt 0:00:02]} Rf4 {[%emt 0:03:19]} 22. Ng4 {[%emt 0:03:18]} h5 {[%emt 0:03:07]} 23. Nh2 {[%emt 0:03:57]} Rxa4 {[%emt 0:05:03]} 24. Qxe7 {[%emt 0:00:23]} Qxe7 {[%emt 0:00:06]} 25. Rxe7 {[%emt 0:00:05]} Rxa2 {[%emt 0:01:10]} 26. Nf3 {[%emt 0:00:34]} Rc8 {[%emt 0:02:39]} 27. Rce1 {[%emt 0:12:21]} Nb4 {[%emt 0:00:43]} 28. Rd7 {[%emt 0:01:44]} Ra6 {[%emt 0:09:26]} 29. Ree7 {[%emt 0:00:42]} Rf6 {[%emt 0:00:36]} 30. Ne5 {[%emt 0:02:56]} Nc6 {[%emt 0:01:00]} 31. Rg7+ {[%emt 0:00:41]} Kf8 {[%emt 0:00:26]} 32. Nxg6+ {[%emt 0:00:48]} Ke8 {[%emt 0:00:37]} 33. Rxd5 {[%emt 0:01:04]} Rf7 {[%emt 0:01:09]} 1-0

[Event "S. A. Group BAN-chT 2018"]
[Site "Dhaka"]
[Date "2018.12.15"]
[Round "10"]
[White "Ikramul, Haq Siam"]
[Black "Islam, Kh. Aminul"]
[Result "0-1"]
[WhiteElo "2116"]
[BlackElo "2253"]
[Annotator "NA"]
[PlyCount "138"]
[EventDate "2018.12.07"]
[EventType "team-tourn"]
[EventCountry "BAN"]
[SourceTitle "playchess.com"]
[Source "ChessBase"]
[SourceQuality "1"]
[TimeControl "5400+30"]

1. d4 {[%emt 0:01:00]} e6 {[%emt 0:00:00]} 2. e4 {[%emt 0:01:27]} c5 {[%emt 0:00:00]} 3. c3 {[%emt 0:03:33]} d5 {[%emt 0:00:32]} 4. exd5 {[%emt 0:00:07]} Qxd5 {[%emt 0:00:27]} 5. Nf3 {[%emt 0:00:04]} Nc6 {[%emt 0:00:52]} 6. Be3 {[%emt 0:01:18]} cxd4 {[%emt 0:00:58]} 7. Nxd4 {[%emt 0:00:01]} Nxd4 {[%emt 0:03:34] B22: Sicilian: 2 c3} 8. Qxd4 {[%emt 0:00:02]} Nf6 {[%emt 0:03:30]} 9. Nd2 {[%emt 0:08:38]} Be7 {[%emt 0:06:52]} 10. Bc4 {[%emt 0:13:11]} Qxd4 {[%emt 0:05:49]} 11. Bxd4 {[%emt 0:03:21]} O-O {[%emt 0:02:33]} 12. Nf3 {[%emt 0:04:16]} Rd8 $146 {[%emt 0:05:54]} ({Predecessor:} 12... b6 13. a4 Bb7 14. a5 Nd7 15. Ke2 {0-1 (33) Fatkhutdinov,G (2331)-Pleshakov,A (2094) Cheliabinsk 2011}) 13. O-O {[%emt 0:01:41]} Bd7 {[%emt 0:02:26]} 14. Ne5 {[%emt 0:02:43]} Be8 {[%emt 0:00:53]} 15. a4 {[%emt 0:07:32]} Nd5 {[%emt 0:00:51]} 16. Rfe1 {[%emt 0:02:20]} Bf8 {[%emt 0:05:04]} 17. Nd3 {[%emt 0:08:08]} Nc7 {[%emt 0:11:53]} 18. Bc5 {[%emt 0:06:15]} Rxd3 {[%emt 0:24:28]} 19. Bxf8 {[%emt 0:01:10]} Rd2 {[%emt 0:01:12]} 20. Bc5 {[%emt 0:06:45]} Rxb2 {[%emt 0:08:17]} 21. Be3 {[%emt 0:00:15]} Bc6 {[%emt 0:03:24]} 22. Bc1 {[%emt 0:00:55]} Rc2 {[%emt 0:00:44]} 23. Ra3 {[%emt 0:00:04]} Bd5 {[%emt 0:03:23]} 24. Bf4 {[%emt 0:00:01]} (24. Bd3 $15 Ra2 25. c4 Rxa3 26. Bxa3) 24... Bxc4 {[%emt 0:00:31]} 25. Bxc7 {[%emt 0:00:02]} Rc8 {[%emt 0:00:46]} 26. Bf4 {[%emt 0:01:39]} f6 {[%emt 0:01:24]} 27. h4 {[%emt 0:01:52]} Bd5 {[%emt 0:01:52]} 28. Rc1 {[%emt 0:00:15]} Rb2 {[%emt 0:00:50]} 29. Rd1 {[%emt 0:02:47]} h5 {[%emt 0:00:30]} 30. a5 {[%emt 0:00:06]} Kf7 {[%emt 0:01:16]} 31. Be3 {[%emt 0:00:42]} a6 {[%emt 0:00:31]} 32. Rd2 {[%emt 0:00:09]} Rb1+ {[%emt 0:00:41]} 33. Kh2 {[%emt 0:00:01]} Kg6 {[%emt 0:02:06]} 34. f3 {[%emt 0:03:20]} Kf5 {[%emt 0:00:54]} 35. Rc2 {[%emt 0:01:26]} e5 {[%emt 0:00:37]} 36. Rc1 {[%emt 0:01:19]} Rb2 {[%emt 0:00:24]} 37. Kh3 {[%emt 0:00:01]} Rc4 {[%emt 0:00:46]} 38. Raa1 {[%emt 0:02:10]} Re2 {[%emt 0:00:40]} 39. Re1 {[%emt 0:02:21]} Rxe1 {[%emt 0:00:12]} 40. Rxe1 {[%emt 0:00:01]} Rxc3 {[%emt 0:00:20]} 41. Kh2 {[%emt 0:00:45]} Bc6 {[%emt 0:00:29]} 42. Re2 {[%emt 0:00:47]} Rb3 {[%emt 0:01:07]} 43. Bf2 {[%emt 0:01:08]} Ra3 {[%emt 0:00:47]} 44. Be1 {[%emt 0:00:01]} g5 {[%emt 0:00:42]} 45. hxg5 {[%emt 0:00:25]} fxg5 {[%emt 0:00:23]} 46. Bb4 {[%emt 0:00:15]} Rd3 {[%emt 0:00:24]} 47. Rd2 {[%emt 0:00:06]} Rb3 {[%emt 0:00:37]} 48. Bd6 {[%emt 0:00:02]} h4 {[%emt 0:00:43]} 49. Re2 {[%emt 0:00:30]} e4 {[%emt 0:00:09]} 50. fxe4+ {[%emt 0:00:16]} Bxe4 {[%emt 0:00:02]} 51. Rf2+ {[%emt 0:00:20]} Kg4 {[%emt 0:00:18]} 52. Re2 {[%emt 0:00:22]} Bc6 {[%emt 0:00:14]} 53. Kg1 {[%emt 0:00:33]} Kh5 $19 {[%emt 0:00:38]} 54. Be7 {[%emt 0:00:09]} Rb5 {[%emt 0:00:26]} 55. Bd8 {[%emt 0:00:11]} g4 {[%emt 0:00:18]} 56. Bc7 {[%emt 0:00:09]} g3 {[%emt 0:00:27]} 57. Re5+ {[%emt 0:00:16]} Kg4 {[%emt 0:00:13]} 58. Rxb5 {[%emt 0:00:05]} axb5 {[%emt 0:00:04]} 59. Bd6 {[%emt 0:00:10]} h3 {[%emt 0:00:21]} 60. gxh3+ {[%emt 0:00:01]} Kxh3 {[%emt 0:00:02]} 61. Bc5 {[%emt 0:00:29]} Kg4 {[%emt 0:00:08]} 62. Kf1 {[%emt 0:00:06]} Kf3 {[%emt 0:00:09]} 63. Bd6 {[%emt 0:00:11]} g2+ {[%emt 0:00:17]} 64. Kg1 {[%emt 0:00:01]} Ke2 {[%emt 0:00:13]} 65. Bc5 {[%emt 0:00:04]} Kd2 {[%emt 0:00:10]} 66. Kf2 {[%emt 0:00:01]} Kc3 {[%emt 0:00:27]} 67. Ke2 {[%emt 0:00:17]} b4 {[%emt 0:00:48]} 68. Kd1 {[%emt 0:00:02]} Kb2 {[%emt 0:00:17]} 69. Kd2 {[%emt 0:00:02]} b3 {[%emt 0:00:13]} 0-1

[Event "S. A. Group BAN-chT 2018"]
[Site "Dhaka"]
[Date "2018.12.15"]
[Round "10"]
[White "Bhuiyan, Golam Mostafa"]
[Black "Safarli, Eltaj"]
[Result "0-1"]
[WhiteElo "2079"]
[BlackElo "2671"]
[Annotator "TA"]
[PlyCount "86"]
[EventDate "2018.12.07"]
[EventType "team-tourn"]
[EventCountry "BAN"]
[SourceTitle "playchess.com"]
[Source "ChessBase"]
[SourceQuality "1"]

{[%evp 22,86,27,0,22,31,29,29,42,28,29,32,56,47,47,38,54,47,65,62,81,58,143,0,42,31,17,41,36,-30,-37,-27,-36,-79,-76,-102,-87,-75,-69,-82,-79,-87,-70,-98,-84,-106,-114,-256,-182,-364,-371,-337,-347,-326,-317,-304,-301,-602,-597,-585,-569,-466,-377,-29978,-29983,-1585,-658]} 1. e4 e5 2. Nf3 Nc6 3. Bb5 a6 4. Ba4 d6 5. c3 Bd7 6. O-O g6 7. d4 Bg7 8. h3 b5 {C76: Ruy Lopez: Deferred Steinitz: 5 c3 Bd7 6 d4 g6} (8... Nf6 9. Re1 O-O 10. Nbd2 h6 11. Nf1 Re8 12. Ng3 b5 13. Bc2 exd4 14. cxd4 Nb4 15. Bb1 c5 16. d5 a5 17. a3 Na6 18. Bf4 {1-0 (57) Ivanchuk,V (2726)-Mamedyarov,S (2799) Huaian 2017}) 9. Bb3 Nf6 10. Re1 O-O 11. Nbd2 Re8 12. a4 {LiveBook: 6 Games} Rb8 $146 ({Predecessor:} 12... Na5 13. Bc2 c5 14. d5 c4 15. b4 cxb3 16. Nxb3 bxa4 17. Nxa5 Qxa5 {½-½ (52) Alekseenko,K (2563)-Praggnanandhaa,R (2509) Tarvisio 2017}) 13. axb5 axb5 14. Ng5 Rf8 15. Nf1 h6 16. Nf3 Nh5 17. Be3 b4 18. Bc4 bxc3 19. bxc3 Re8 20. Qd2 g5 21. Qa2 Qe7 (21... Rf8 $14) 22. N1h2 (22. d5 $16) 22... Nf4 23. Bxf4 gxf4 24. d5 Nd8 {[%cal Bc6d8,Bd8b7,Bb7c5][%mdl 32]} 25. Bd3 ({Better is} 25. Reb1 $14 Rb7 26. Nd2) 25... Nb7 $11 26. Nd2 Nc5 27. Bf1 f5 28. f3 Bf6 $36 {[%cal Bg7f6,Bf6h4,Bh4e1][%mdl 2080] Black has strong initiative.} 29. Reb1 Bh4 30. Rxb8 Rxb8 31. Rb1 Qd8 32. Rb4 Be1 33. exf5 Bxf5 34. Ng4 (34. Qb2 $17 {was worth a try.} Rxb4 35. cxb4) 34... Kg7 35. Nf2 $2 (35. Rxb8 {keeps fighting.} Qxb8 36. Nf2) 35... Ra8 {[%cal Bb8a8,Ba8a1,Ba1f1][%mdl 32]} 36. Qb2 Bxf2+ 37. Kxf2 Qh4+ ({Not} 37... Qg5 38. Kg1 $17) 38. Kg1 Qe1 39. Kh2 $2 (39. Rb8 Ra1 40. Rd8) 39... Ra1 $19 {Strongly threatening ...Rd1.} 40. Rb7 {[#]} Bxh3 $1 {[%mdl 512]} 41. Rxc7+ (41. gxh3 Qg3+) 41... Kf6 {( -> ...Qg3+)} ({Worse is} 41... Bd7 42. Qb6 $11) 42. gxh3 $2 (42. Kg1 $19 Bd7 {[#]} 43. Rxc5 $1 {[%mdl 512]} dxc5 44. Qb8) 42... Qf2+ 43. Kh1 Rxf1+ {[%mdl 64] Pin. Accuracy: White = 29%, Black = 59%.} 0-1

[Event "S. A. Group BAN-chT 2018"]
[Site "Dhaka"]
[Date "2018.12.15"]
[Round "10"]
[White "Hossain, Md. Alamgir"]
[Black "Hossain, Enamul"]
[Result "1/2-1/2"]
[WhiteElo "2052"]
[BlackElo "2437"]
[Annotator "TA"]
[PlyCount "78"]
[EventDate "2018.12.07"]
[EventType "team-tourn"]
[EventCountry "BAN"]
[SourceTitle "playchess.com"]
[Source "ChessBase"]
[SourceQuality "1"]

{[%evp 9,78,14,53,13,69,20,32,23,19,16,17,-55,-56,-42,-58,-96,-21,-25,7,0,59,66,66,66,114,85,77,75,76,82,102,64,100,63,55,47,44,36,34,26,52,20,40,28,25,26,27,25,25,-60,-66,-116,-63,-62,-75,-62,-16,-22,-20,-16,0,0,0,0,0,0,0,8,147,162,166]} 1. e4 {[%cal Be2e4,Be4e5][%mdl 32]} c5 2. Nf3 d6 3. c3 Nf6 {[%cal Bg8f6,Bf6d5,Bd5f4][%mdl 32]} 4. Be2 Bd7 5. e5 Nd5 (5... dxe5 6. Nxe5 Nc6 7. Nxd7 Qxd7 8. O-O e6 9. Na3 Be7 10. f4 Nd5 11. Nc4 f5 12. a4 O-O 13. d3 {½-½ (37) Iordachescu,V (2591)-Djukic,N (2567) Batumi 2018}) 6. O-O {B50: Sicilian: 2...d6, Miscellaneous} e6 $146 (6... dxe5 $11 7. Nxe5 Nc6) ({Predecessor:} 6... Nc6 7. d4 e6 8. Re1 dxe5 9. Nxe5 Bd6 10. c4 Nxd4 11. Nxd7 Nf4 12. Bxf4 Nxe2+ 13. Qxe2 Bxf4 {1-0 (50) Margulis,I (2100)-Newey,R (1641) San Francisco 2012}) 7. Na3 Nf4 8. exd6 {White is slightly better.} Bxd6 9. Nc4 Bc7 10. Nce5 (10. d4 $11) 10... Bxe5 $1 $15 11. Nxe5 Qg5 {[%csl Gf4][%cal Rg5g2][%mdl 64] Double Attack} 12. Ng4 {[#]} f5 (12... Nxg2 $1 $17 {[%mdl 512] And now ...Nf4 would win.} 13. Kxg2 Bc6+ 14. Kg1 h5) 13. Ne3 $11 Nc6 14. Bf3 Ne5 ({Black should try} 14... Nd3 $11) 15. d4 $1 $14 {[%cal Rd4e5]} cxd4 16. cxd4 Ned3 17. Kh1 (17. g3 {looks sharper.} Nxc1 18. Rxc1 O-O 19. h4 Qg6 20. Nc4) 17... Nxc1 18. Rxc1 O-O 19. Qb3 Rab8 20. Rc5 Rf7 21. Rc7 ({Much worse is} 21. Bxb7 $6 Qg6 $11) 21... Be8 22. Rfc1 ({Avoid the trap} 22. Rxb7 $2 Rfxb7 23. Bxb7 Qe7 $19) 22... Qd8 23. Rxf7 ({Not} 23. Rxb7 $2 Rfxb7 24. Bxb7 Qd7 $19) 23... Bxf7 24. Qc3 h6 25. a4 a5 26. d5 Nxd5 27. Bxd5 exd5 28. Nxf5 {[%csl Gf5][%cal Rc3g7] [#]} Qg5 29. Qc7 (29. Nd4 $11) 29... Rf8 $15 30. Ne7+ Kh8 ({Black should play} 30... Kh7 $17 {White must now prevent ...Be6.} 31. Qc2+ Kh8) 31. f4 Qf6 32. Qe5 Qxe5 33. fxe5 {[%mdl 4096] Endgame Hoping for Rf1. KRB-KRN} Re8 34. Rc8 $1 d4 {...Rxc8 is the strong threat.} 35. Kg1 $1 Rxc8 36. Nxc8 Bb3 37. Kf2 Kg8 38. Nd6 b6 (38... Bxa4 $11 {remains equal.} 39. Nxb7 Kf7) 39. Ke2 $16 Bxa4 {Accuracy: White = 54%, Black = 53%.} 1/2-1/2

[Event "S. A. Group BAN-chT 2018"]
[Site "Dhaka"]
[Date "2018.12.16"]
[Round "11"]
[White "Safarli, Eltaj"]
[Black "Ahmed, Sk. Nasir"]
[Result "1-0"]
[WhiteElo "2671"]
[BlackElo "2119"]
[Annotator "TA"]
[PlyCount "39"]
[EventDate "2018.12.07"]
[EventType "team-tourn"]
[EventCountry "BAN"]
[SourceTitle "playchess.com"]
[Source "ChessBase"]
[SourceQuality "1"]

{[%evp 14,39,26,18,48,43,43,29,37,21,41,46,54,37,40,18,32,-45,119,116,91,87,364,362,355,343,343,362]} 1. e4 c5 2. Nc3 Nc6 3. Bb5 Nd4 4. Nf3 Nxb5 5. Nxb5 a6 (5... d6 6. d4 Nf6 7. Qd3 a6 8. Nc3 cxd4 9. Nxd4 e5 10. Nf5 Bxf5 11. exf5 h6 12. Bd2 Be7 13. O-O-O O-O 14. g4 {1-0 (38) Rapport,R (2719)-Nihal,S (2556) Abu Dhabi 2018}) 6. Nc3 {B23: Closed Sicilian: Lines without g3} e6 7. d4 cxd4 8. Qxd4 {LiveBook: 6 Games. White has an edge.} Ne7 9. Bf4 Nc6 10. Qd2 Be7 11. O-O-O O-O $146 ({Predecessor:} 11... b5 12. Rhe1 O-O 13. Bd6 {1-0 (37) Pridorozhni,A (2571)-Khanin,S (2458) Khanty-Mansiysk 2017}) 12. h4 {[%cal Bh2h4,Bh4h5,Bh5h6][%mdl 32]} b5 13. h5 Qa5 14. h6 $36 {[%mdl 2048] White fights for an advantage.} g6 15. Kb1 (15. Bd6 $14) 15... Bb4 $2 (15... b4 $1 $15 {keeps the upper hand.} 16. Ne2 e5) 16. Bd6 $16 Bxd6 17. Qxd6 Qb4 $2 {[%mdl 8192] [#]} (17... f6 $16 {keeps fighting.}) 18. Nd5 $1 $18 {[%cal Rd5b4][%mdl 512]} Qxd6 (18... exd5 19. Qf6) 19. Nf6+ {[%mdl 64] Discovered Attack} Kh8 20. Rxd6 {Accuracy: White = 66%, Black = 32%.} 1-0